Movies Quiz

Random Movies or Animation Quiz

Dreamworks Animation Characters Quiz Stats

 Plays Quiz not verified by Sporcle

Challenge
Share
Tweet
Embed
Score 0/35 Timer 05:00
0 Plays Today
% Correct
Pinocchio
86.3%
Alex
85.4%
Easter Bunny
85.4%
Puss
84.7%
Gloria
84.7%
Gingy
84.4%
Marty
84.4%
Hiccup
84.1%
Tigress
84.1%
Dr. Cockroach
84.1%
Po
83.4%
Fiona
82.8%
Donkey
82.8%
Julien
82.8%
Santa
82.8%
Tooth Fairy
82.5%
Shrek
82.2%
Melman
82.2%
% Correct
Toothless
80.9%
Shifu
79.6%
B.O.B.
78.7%
Ginormica
75.8%
Oscar
74.5%
Barry
73.9%
Sandman
73.9%
Skipper
72.6%
Gallaxhar
72.6%
RJ
72%
Roddy
71.3%
Hammy
68.8%
Private
66.6%
Verne
65.3%
The Missing Link
64%
Kowalski
61.8%
Rico
61.5%

You're not logged in!

Compare scores with friends on all Sporcle quizzes.
Join for Free
OR
Log In

You Might Also Like...

Show Comments

Extras

Top Quizzes Today


Score Distribution

Your Account Isn't Verified!

In order to create a playlist on Sporcle, you need to verify the email address you used during registration. Go to your Sporcle Settings to finish the process.

Report this User

Report this user for behavior that violates our Community Guidelines.

Details: